000 004090000a22001810004500
003 MACL
005 20150712115733.0
008 150712b xxu||||| |||| 00| 0 eng d
040 _aMACL
_cMACL
041 _aEnglish
082 _a320/ROY
100 _aRoy, M.N.
_91744
245 _aFascism
260 _bJijnasa
_c1976
_aCalcutta
350 _a15
650 _aPolitical Science
_988
942 _cBK
_k320
_2ddc
999 _c6890
_d6890